INTRODUCCION A LA ADMINISTRACION FINANCIERA (Registro nro. 26334)
[ vista simple ]
| 000 -LEADER | |
|---|---|
| fixed length control field | 00498nam a2200181 a 4500 |
| 001 - CONTROL NUMBER | |
| control field | 26334 |
| 005 - DATE AND TIME OF LATEST TRANSACTION | |
| control field | 20180713224845.0 |
| 008 - FIXED-LENGTH DATA ELEMENTS--GENERAL INFORMATION | |
| fixed length control field | 140415s1984 000 0 spa d |
| 041 ## - LANGUAGE CODE | |
| Language code of text/sound track or separate title | spa |
| 082 ## - DEWEY DECIMAL CLASSIFICATION NUMBER | |
| Classification number | 658.15 |
| Item number | SOL |
| 100 1# - MAIN ENTRY--PERSONAL NAME | |
| Personal name | SOLOMON, EZRA |
| 245 10 - TITLE STATEMENT | |
| Title | INTRODUCCION A LA ADMINISTRACION FINANCIERA |
| 260 ## - PUBLICATION, DISTRIBUTION, ETC. | |
| Place of publication, distribution, etc. | [s.l.] : |
| Name of publisher, distributor, etc. | ED. DIANA, |
| Date of publication, distribution, etc. | 1984 |
| 300 ## - PHYSICAL DESCRIPTION | |
| Extent | 582 |
| 650 14 - SUBJECT ADDED ENTRY--TOPICAL TERM | |
| Topical term or geographic name entry element | ADMINISTRACION |
| General subdivision | FINANZAS |
| 700 1# - ADDED ENTRY--PERSONAL NAME | |
| Personal name | CARSTENS, GERARDO |
| Relator term | tr. |
| 700 1# - ADDED ENTRY--PERSONAL NAME | |
| Personal name | PRINGLE, JOHN J. |
| Relator term | coaut. |
| Withdrawn status | Lost status | Source of classification or shelving scheme | Damaged status | Not for loan | Collection code | Home library | Current library | Shelving location | Date acquired | Source of acquisition | Inventory number | Total Checkouts | Full call number | Barcode | Date last seen | Date last checked out | Price effective from | Koha item type |
|---|---|---|---|---|---|---|---|---|---|---|---|---|---|---|---|---|---|---|
| Dewey Decimal Classification | General | Biblioteca Karol Wojtyla | Biblioteca Karol Wojtyla | Sala general | 03/12/2013 | Compra | 151000000000000000004967 | 658.15 SOL | 4895 | 05/01/2026 | 24/08/2015 | 03/12/2013 | Libro | |||||
| Dewey Decimal Classification | General | Biblioteca Karol Wojtyla | Biblioteca Karol Wojtyla | Sala general | 03/12/2013 | Compra | 151000000000000000004968 | 658.15 SOL | 588 | 05/01/2026 | 03/12/2013 | Libro |